000
00330nam a22001337a 4500
008
170214b xxu||||| |||| 00| 0 eng d
020
_a
9780817640460
041
_a
eng
080
_a
61
100
_a
4
101
_a
SHM
245
_a
NITRIC OXIDE AND THE REGULATION OF THE PERIPHERAL CIRCULATION
_c
KADOWITZ, P.J
942
_2
udc
_c
BK
999
_c
5366
_d
5366